000 00320nam a22001457a 4500
008 210305b ||||| |||| 00| 0 eng d
020 _a0471077097
041 _aeng
080 _22nd
_a510
082 _a510
100 _a36
101 _aMAT
245 _aThe power of Mathematics
_cWhipkey, K. L
942 _2udc
_cBK
999 _c55871
_d55871